[Event "Recife Regiao op"]
[Site "Recife"]
[Date "2014.10.31"]
[Round "4"]
[White "Silva, Carlos Alberto Bent"]
[Black "Correa, Licinio Crasso Ramo"]
[Result "1-0"]
[WhiteElo "2043"]
[BlackElo "1950"]
[PlyCount "72"]
[EventDate "2014.10.30"]
[EventType "swiss"]
[EventRounds "7"]
[EventCountry "BRA"]
[SourceTitle "EXT 2015"]
[Source "ChessBase"]
[SourceDate "2014.11.20"]
[SourceVersion "1"]
[SourceVersionDate "2014.11.20"]
[SourceQuality "1"]

1. d4 c5 2. c3 Nf6 3. Nf3 b6 4. e3 g6 5. Nbd2 Bb7 6. Bd3 Bg7 7. 0-0 d5 8. Ne5 0-0 9. f4 Ne8 10. Qe2 Nd6 11. a4 Nc6 12. Rf3 f5 13. Rh3 Nxe5 14. fxe5 Ne4 15. Nf3 e6 16. Bd2 g5 17. Ne1 g4 18. Rh5 Bc6 19. g3 Qe8 20. Rh4 Bxa4 21. Bxe4 dxe4 22. Ng2 Bb5 23. c4 Bd7 24. Nf4 Rf7 25. h3 gxh3 26. Qh5 h6 27. Rxh3 Qe7 28. Kf2 Qg5 29. Qe2 Kf8 30. Bc3 Qd8 31. d5 Qc8 32. Qh5 a5 33. Qg6 Ke7 34. d6+ Ke8 35. Rah1 a4 36. Rxh6 Ra7 1-0

[Event "Recife Regiao op"]
[Site "Recife"]
[Date "2014.10.30"]
[Round "1"]
[White "Reis, Paulo F Jatoba"]
[Black "Silva, Carlos Alberto Bent"]
[Result "1-0"]
[WhiteElo "2383"]
[BlackElo "2043"]
[PlyCount "77"]
[EventDate "2014.10.30"]
[EventType "swiss"]
[EventRounds "7"]
[EventCountry "BRA"]
[SourceTitle "EXT 2015"]
[Source "ChessBase"]
[SourceDate "2014.11.20"]
[SourceVersion "1"]
[SourceVersionDate "2014.11.20"]
[SourceQuality "1"]

1. c4 Nf6 2. g3 g6 3. Bg2 Bg7 4. Nc3 e5 5. Nf3 Nc6 6. d4 d6 7. 0-0 0-0 8. d5 Ne7 9. e4 Bg4 10. Qb3 Qc8 11. Ne1 Bh3 12. Nd3 Bxg2 13. Kxg2 Nd7 14. Bg5 Re8 15. Rae1 h6 16. Be3 b6 17. Qc2 Nc5 18. b4 Nxd3 19. Qxd3 f5 20. f3 Rf8 21. c5 a5 22. cxd6 cxd6 23. b5 Qb7 24. Na4 Nc8 25. Rc1 Rf7 26. Rc6 fxe4 27. fxe4 Rxf1 28. Qxf1 Rb8 29. Qc1 Qd7 30. Bxh6 Qg4 31. Nc3 Ne7 32. h3 Bxh6 33. Qxh6 Qd7 34. a4 Nxc6 35. Qxg6+ Kh8 36. dxc6 Qe7 37. Nd5 Qh7 38. Qxh7+ Kxh7 39. Nf6+ 1-0

[Event "Recife Arraes Memorial 7th"]
[Site "Recife"]
[Date "2014.08.30"]
[Round "3"]
[White "Silva, Carlos Alberto Bent"]
[Black "Picasso Gallego, Nicolas"]
[Result "1-0"]
[WhiteElo "2052"]
[BlackElo "1929"]
[PlyCount "47"]
[EventDate "2014.08.29"]
[EventType "swiss"]
[EventRounds "6"]
[EventCountry "BRA"]
[SourceTitle "EXT 2015"]
[Source "ChessBase"]
[SourceDate "2014.11.20"]
[SourceVersion "1"]
[SourceVersionDate "2014.11.20"]
[SourceQuality "1"]

1. d4 Nf6 2. Nf3 g6 3. c4 Bg7 4. Nc3 d6 5. g3 0-0 6. Bg2 c6 7. 0-0 Qc7 8. e4 e5 9. h3 Nbd7 10. Be3 b6 11. Re1 Bb7 12. Qd2 Rfd8 13. Rad1 exd4 14. Nxd4 a6 15. Nc2 Nf8 16. Na4 c5 17. Bf4 Ne8 18. Ne3 b5 19. Nc3 b4 20. Ncd5 Rab8 21. Ng4 Ne6 22. Bh6 Bxd5 23. exd5 Nd4 24. Bxg7 1-0

[Event "Recife Arraes Memorial 6th"]
[Site "Recife"]
[Date "2013.06.09"]
[Round "6"]
[White "Picasso Gallego, Nicolas"]
[Black "Silva, Carlos Alberto Bent"]
[Result "0-1"]
[WhiteElo "1946"]
[BlackElo "1881"]
[PlyCount "90"]
[EventDate "2013.06.06"]
[EventType "swiss"]
[EventRounds "7"]
[EventCountry "BRA"]
[SourceTitle "EXT 2014"]
[Source "ChessBase"]
[SourceDate "2013.11.20"]
[SourceVersion "1"]
[SourceVersionDate "2013.11.20"]
[SourceQuality "1"]

1. d4 Nf6 2. c4 g6 3. Nc3 d5 4. cxd5 Nxd5 5. e4 Nxc3 6. bxc3 Bg7 7. Bc4 c5 8. Be3 0-0 9. Ne2 cxd4 10. cxd4 Nc6 11. Qd2 Qa5 12. Rd1 Qxd2+ 13. Rxd2 Na5 14. Bd3 Bd7 15. 0-0 Rfc8 16. Rb2 b6 17. Rb4 e6 18. f3 Bf8 19. Rbb1 Nc4 20. Bf4 h6 21. Rbc1 b5 22. Bxc4 bxc4 23. Nc3 Bg7 24. Rfd1 g5 25. Bd6 Bf8 26. Bxf8 Kxf8 27. Kf2 Rab8 28. Rb1 Rb6 29. Ke3 Rcb8 30. Rxb6 axb6 31. Rb1 b5 32. Rb4 Ra8 33. Kd2 Ke7 34. Kc2 Ra5 35. Kb2 e5 36. d5 Kd6 37. a4 Kc5 38. Ka3 bxa4 39. Rb7 Be8 40. Re7 Ra8 41. Ne2 Rb8 42. Rxe5 Kd6 43. Rf5 c3 44. Nd4 Kc5 45. Nc2 Rb3+ 0-1

[Event "Recife Arraes Memorial 6th"]
[Site "Recife"]
[Date "2013.06.06"]
[Round "1"]
[White "Silva, Carlos Alberto Bent"]
[Black "De Souza Neto, Hilton Vilarim"]
[Result "1/2-1/2"]
[WhiteElo "1881"]
[BlackElo "1977"]
[PlyCount "20"]
[EventDate "2013.06.06"]
[EventType "swiss"]
[EventRounds "7"]
[EventCountry "BRA"]
[SourceTitle "EXT 2014"]
[Source "ChessBase"]
[SourceDate "2013.11.20"]
[SourceVersion "1"]
[SourceVersionDate "2013.11.20"]
[SourceQuality "1"]

1. Nf3 b6 2. e4 e6 3. g3 Ba6 4. d3 d5 5. Nc3 Bb4 6. a3 Bxc3+ 7. bxc3 dxe4 8. dxe4 Qxd1+ 9. Kxd1 Nf6 10. Bd3 0-0 1/2-1/2